Kvalita služby VoIP v NGN sieťach

Guardado en:
Detalles Bibliográficos
Autor principal: Roziak, Michal (Autor)
Otros Autores: Halás, Michal, 1978- (Orientador)
Formato: Manuscrito Libro
Lenguaje:eslovaco
Publicado: Bratislava : STU v Bratislave FEI, 2007
Materias:
Etiquetas: Agregar Etiqueta
Sin Etiquetas, Sea el primero en etiquetar este registro!

MARC

LEADER 00000ntm a22000003a 4500
001 stu144799
005 20150617225952.3
008 070905s2007------------------------slo-d
040 |a STU  |b slo 
041 0 |a slo 
100 1 |a Roziak, Michal  |4 aut  |u E  |T FEI Fakulta elektrotechniky a informatiky  |U E  |Y 30 
245 1 |a Kvalita služby VoIP v NGN sieťach 
260 |a Bratislava :  |b STU v Bratislave FEI,  |c 2007 
300 |a 84 s 
650 7 |a Telekomunikácie  |2 stusub 
650 7 |a VoIP technológie  |2 stusub 
650 7 |a NGN  |2 stusub 
700 1 |a Halás, Michal,  |d 1978-  |4 ths  |u E070  |U FEI Fakulta elektrotechniky a informatiky  |T FEI Ústav telekomunikácií  |X 4895  |U E070  |Y 818  |7 A000004895